[Event "4NCL Division Three West"]
[Site "Daventry, ENG"]
[Date "2022.10.22"]
[Round "1.66"]
[White "Fernando, Manel"]
[Black "Pardoe, David"]
[Result "0-1"]
[WhiteElo "1513"]
[BlackElo "1805"]
[PlyCount "140"]
[EventDate "2022.10.22"]
[WhiteTeam "Brown Jack"]
[BlackTeam "Manchester Manticores"]

1. d4 Nf6 2. Nf3 e6 3. Bf4 c5 4. e3 Qb6 5. Qc1 Nc6 6. c3 d5 7. Bd3 Nh5 8. Bg3
Nxg3 9. hxg3 h6 10. Nbd2 Bd6 11. Rb1 Bd7 12. c4 cxd4 13. exd4 Nxd4 14. Qd1 Rc8
15. cxd5 exd5 16. O-O Bxg3 17. Nxd4 Qxd4 18. Nf3 Qb6 19. Qe2+ Be6 20. Bb5+ Kf8
21. Rbc1 Rc7 22. Rfd1 Bf4 23. Rxc7 Qxc7 24. Rxd5 a6 25. Ba4 b5 26. Bxb5 axb5
27. Rd1 g6 28. Qxb5 Kg7 29. Qa4 Bg4 30. Qd4+ Kh7 31. Qe4 Bf5 32. Qe2 Be6 33. b3
h5 34. g3 Bd6 35. Ng5+ Kg7 36. Nxe6+ fxe6 37. Qxe6 Rd8 38. Qe3 Be7 39. Re1 Bf6
40. Rc1 Qa5 41. Qe2 Rd2 42. Qe8 Rxa2 43. Qd7+ Kh6 44. Qf7 Ra1 45. Qf8+ Bg7 46.
Qc8 Qd2 47. Rxa1 Bxa1 48. Qf8+ Bg7 49. Qf7 Qg5 50. Kf1 h4 51. gxh4 Qxh4 52. Qf3
Bf6 53. Kg2 Bd4 54. Qf8+ Bg7 55. Qf3 Qg5+ 56. Kf1 Qc1+ 57. Kg2 Qg5+ 58. Kf1 Qh4
59. Kg2 Bd4 60. Qf8+ Kh5 61. Qf7 Qe4+ 62. Kf1 Qf5 63. Qh7+ Kg4 64. Qh2 Qf3 65.
b4 Qh3+ 66. Qxh3+ Kxh3 67. Kg1 Bc3 68. b5 Bd4 69. Kf1 Kh2 70. f3 g5 0-1